000 00492 a2200145 4500
020 _a9780470028087
040 _aDLC
_bDLC
100 1 _aNuaymi, Loutfi.
245 1 0 _aWiMAX: technology for broadband wireless access
_btechnology for broadband wireless access
_cLoutfi Nuaymi
260 _aChichester, England ;
_aHoboken, NJ :
_bJohn Wiley,
_cc2007.
300 _axxv, 283 p. ;
_bill. ;
_c25 cm.
650 0 _aIEEE 802.16 (Standard)
650 0 _aWireless LANs.
942 _cBK
_k621.38212 NUA
_2ddc
999 _c9606
_d9606